000 00764nam a2200217Ii 4500
003 JO-AjNU
008 230605s9999||||xx |||||||||||||| ||und||
017 _a1992/8/554
040 _aJO-AjNU
_bara
_erda
_cJO-AjNU
041 _aara
050 1 4 _aHF 5438 .4 .U2288 1992
100 3 _aتاليف: عبيدات، محمد / م.مشارك: شفيق حداد، عبدالله سمارة,
_eauthor
_915228
245 0 0 _aادارة المبيعات: مدخل سلوكي
250 _aط1
264 3 1 _aعمان: د.ن ، 1992
300 _a280ص
_bيحتوي على ببلوغرافية من 279-280ص
336 _atext
_btxt
_2rdacontent
337 _aunmediated
_bn
_2rdamedia
338 _avolume
_bnc
_2rdacarrier
650 4 _aادارة المبيعات
_915229
999 _aA4251
_c7819
_d7819